European national motorway numbers 1 - Statistics

General Stats
  • This quiz has been taken 23 times
  • The average score is 8 of 9
Answer Stats
Picture Answer % Correct
Germany
100%
Italy / Albania
100%
United Kingdom
100%
France
95%
Spain
95%
Austria
85%
Belgium
65%
Switzerland
65%
Ukraine
45%
No matching quizzes found
Score Distribution
Percent of People with Each Score
Percentile by Number Answered
Your Score History
You have not taken this quiz